| 000 | 00380nam a2200133Ia 4500 | ||
|---|---|---|---|
| 008 | 220204s9999 xx 000 0 und d | ||
| 020 | _a8126906073&8126906081 | ||
| 082 |
_a378(035)(540) _bGUP.1 |
||
| 100 | _aAshish Kumar, Ameeta | ||
| 245 | 0 | _aHandbook of universities. Vol.1-2 | |
| 260 |
_aNew Delhi _bAtlantic Publishers & Distributers _c2006 |
||
| 700 | _aGupta | ||
| 942 | _cBK | ||
| 999 |
_c42515 _d42515 |
||